1205 1673 1379 1045 1917 1588 1256 1528 1535 1790 1335 1955 1123 1396 1969 1738 1473 1606 1039 1002 1932 1315 1117 1472 1694 1583 1862 1619 1179 1788 1677 1322 1936 1001 1581 1931 1594 1701 1089 1363 1434 1812 1483 1281 1445 1810 1593 1271 1061 1503 1277 1155 1679 1582 1028 1551 1891 1759 1793 1035 1108 1360 1979 1229 1905 1683 1166 1052 1695 1614 1580 1187 1528 1844 1987 1559 1725 1796 1550 1744 1758 1636 1265 1770 1324 1684 1548 1374 1817 1397 1098 1898 1875 1527 1719 1879 1697 1401 1204 BCNSPRNW ULIB Ver.6.0+V

เปลี่ยนเป็นภาษาไทย

Change to English
 แสดงรายละเอียดบรรณานุกรม
  กลับหน้าหลัก

Brief Record : Get Marc (ISO 2709) : E-mail record : QR code < ปิดหน้าต่าง
LEADER : 00000nam 2200000uu 4500
001    13399112103
003     ULIB
008    110627s2550||||th 000 0 tha d
020    9789748290263
090    นว.^bM111F 2550
100 0  M ay 112
245 00 Fighting land เทรักมัดหัวใจนายนักสู้/^cM ay 112
250    พิมพ์ครั้งที่ 1
260    กรุงเทพฯ :^bแจ่มใส,^c2550
300    218 หน้า
710 1  แจ่มใส
945    ^p159^l0^i022005
995    ทศพร
999 ^a ใช้งานได้ทุกระบบ
รายการนี้ยังไม่มีแท็ก
คุณยังไม่ได้ล็อกอิน คุณสามารถมีกิจกรรมร่วมกับเว็บไซต์ได้ แต่ต้องล็อกอินก่อน ::
  ล็อกอิน

รายการสื่อสารสนเทศ

ลำดับที่ ประเภท เลขเรียก/บาร์โค้ด สถานที่ สถานะ
- ไม่พบข้อมูล -

BibComment


ยังไม่เคยถูกคอมเมนท์

คอมเมนท์ทรัพยากรรายการนี้
  คอมเมนท์: Fighting land เทร..


 Copyright 2026. Bcnsprnw @Library